| 000 | 00000nam##2200000za#4500 |
| 001 | 9.696434 |
| 003 | CaOODSP |
| 005 | 20250506145324 |
| 007 | cr ||||||||||| |
| 008 | 150407|1984||||xxc|||||o f|0| 0 eng|d |
| 040 | |aCaOODSP|beng |
| 043 | |an-cn--- |
| 086 | 1 |aA53-1495/1984E-PDF |
| 110 | 1 |aCanada.|bAgriculture Canada. |
| 245 | 10|aAlfalfa leafcutter bee management in Western Canada |h[electronic resource] |
| 250 | |aRevised |
| 260 | |aOttawa - Ontario : |bAgriculture Canada |cc1984. |
| 300 | |a56p.|bfigs., photographs |
| 500 | |aHistorical publication digitized by Agriculture and Agri-Food Canada. The catalogue number (A53-1495/1984E) and ISBN (0-662-12857-5) for the print edition have been copied in this electronic publication. |
| 590 | |a12-32-Supp|b2012-07-11 |
| 775 | 08|tL'élevage de la découpeuse de la luzerne (mégachile) dans l'ouest du Canada |w(CaOODSP)9.640549 |
| 856 | 40|ahttp://publications.gc.ca|qPDF|s4378 KB|uhttps://publications.gc.ca/collections/collection_2012/agr/A53-1495-1984-eng.pdf |
| 986 | |aPublication 1495/E |